000 00362nam a22001457a 4500
082 _aS200 7
_bDEV/D
100 _aDevarajan T
245 _aDramas of bhasa/
_cby Devarajan T
260 _aTrivandrum:
_bUniversity of Kerala
_c2005.
300 _a238p.
650 _aDrama Sanskrit Study
650 _aLiterature Sanskrit
650 _aLiterature
942 _cBK
999 _c181218
_d181218